LIBRARY & INFORMATION CENTRE, KCAET, TAVANUR

ONLINE PUBLIC ACCESS CATALOGUE (OPAC)

Machinery`s handbook / (Record no. 7115)

MARC details
000 -LEADER
fixed length control field 00399cam a2200157ua 4500
020 ## - INTERNATIONAL STANDARD BOOK NUMBER
ISBN 0 8311 1155 0
082 ## - DEWEY DECIMAL CLASSIFICATION NUMBER
Classification number 621.80212
Item number OBE/MA
100 ## - MAIN ENTRY--AUTHOR NAME
Personal name Oberg, Erik .
245 ## - TITLE STATEMENT
Title Machinery`s handbook /
250 ## - EDITION STATEMENT
Edition statement 26 / 29
260 ## - PUBLICATION, DISTRIBUTION, ETC. (IMPRINT)
Place of publication New York :
Name of publisher Industrial Press ,
Year of publication 2012
300 ## - PHYSICAL DESCRIPTION
Number of Pages 2788
700 1# - ADDED ENTRY--PERSONAL NAME
Personal name Horton, Holbrook L .
700 1# - ADDED ENTRY--PERSONAL NAME
Personal name Jones, Franklin D .
942 ## - ADDED ENTRY ELEMENTS (KOHA)
Koha item type Reference
Holdings
Withdrawn status Lost status Damaged status Home library Current library Date acquired Full call number Accession Number Koha item type Collection code Shelving location Source of acquisition Cost, normal purchase price
      KAUAET   07/04/2012 621.80212 16367 Books        
      KAUAET   19/08/1986 621.80212 15335 Books        
      KAUAET KAUAET 07/04/2012 621.80212 21792 Reference        
      KAUAET KAUAET 14/06/2016 621.80212 OBE/MA 24443 Reference Reference Reference Dream Tech, Trivandrum 6228.70
free website counter